Statistics for Guess The Lyrics #18

Click here to take the quiz!

General Stats

  • This quiz has been taken 109 times
  • The average score is 138 of 275

Answer Stats

% Correct
I
100%
I
100%
a
98%
a
98%
a
98%
a
98%
a
98%
a
98%
a
98%
a
98%
a
98%
a
98%
a
98%
a
98%
you
92%
You
92%
you
92%
you
92%
you
92%
you
92%
you
92%
you
92%
you
92%
you
92%
you
92%
you
92%
You
92%
you
92%
the
89%
The
89%
the
89%
the
89%
the
89%
the
89%
the
89%
the
89%
the
89%
the
89%
the
89%
the
89%
the
89%
the
89%
The
89%
the
89%
is
86%
is
86%
it
85%
on
85%
it
85%
it
85%
It
85%
it
85%
it
85%
it
85%
it
85%
me
84%
me
84%
me
84%
me
84%
me
84%
me
84%
in
82%
in
82%
In
82%
and
82%
And
82%
And
82%
In
82%
And
82%
And
82%
in
82%
in
82%
in
82%
to
81%
To
81%
to
81%
to
81%
to
81%
love
78%
No
78%
no
78%
no
78%
of
75%
of
75%
of
75%
of
75%
can
73%
that
68%
that
68%
that
68%
that
68%
not
65%
not
65%
not
65%
her
65%
her
65%
What
64%
What
64%
What
64%
this
60%
this
60%
this
60%
See
59%
See
59%
see
59%
See
59%
See
59%
See
59%
See
59%
It's
58%
It's
58%
It's
58%
It's
58%
I'm
58%
I'm
58%
it's
58%
have
56%
know
56%
know
56%
know
56%
have
56%
for
55%
You're
55%
you're
55%
You're
55%
You're
55%
Don't
53%
if
53%
don't
53%
Don't
53%
don't
53%
don't
53%
Don't
53%
Don't
53%
don't
53%
don't
53%
get
52%
get
52%
all
52%
all
52%
get
52%
all
52%
day
51%
day
51%
day
51%
day
51%
could
51%
day
51%
day
51%
like
51%
day
51%
out
49%
out
49%
out
49%
out
49%
But
46%
Take
44%
Take
44%
take
44%
place
41%
at
41%
place
41%
at
41%
night
41%
feel
41%
was
41%
place
41%
feel
41%
Was
41%
world
41%
now
40%
now
40%
heart
40%
now
40%
up
40%
need
39%
need
39%
need
39%
had
36%
got
35%
let
34%
been
34%
been
34%
let
34%
let
34%
away
31%
away
31%
away
31%
over
28%
over
28%
right
27%
beautiful
26%
beautiful
26%
beautiful
26%
Beautiful
26%
beautiful
26%
beautiful
26%
beautiful
26%
Sky
25%
other
25%
with
25%
road
25%
other
25%
you've
24%
You've
24%
There's
21%
light
21%
thought
21%
you'd
20%
Someone
20%
care
19%
hand
19%
by
19%
through
16%
Even
16%
friend
16%
doesn't
16%
front
15%
luck
15%
blue
15%
space
14%
sea
14%
Touch
13%
reason
13%
town
13%
town
13%
Touch
13%
case
12%
ground
12%
anywhere
12%
found
12%
case
12%
After
12%
stuck
11%
hopeless
9%
traffic
9%
true
9%
green
9%
hopeless
9%
room
9%
cloud
8%
moving
8%
bloom
8%
lend
8%
Shoots
8%
somehow
7%
imagination
7%
broken
7%
stony
7%
first
6%
destination
6%
falls,
6%
came
6%
bird
6%
rent
5%
colors
5%
return
5%
grace
5%
Teach
5%
Reach
5%
mouth
4%
canyons
2%
China
2%
ring
2%
clearing
2%
fires
2%
leaf
2%
mud
2%
maze
2%
Bedouin
1%
flood
1%
oil
1%
tuna
1%
fields
1%
fleets
1%

Score Distribution

Percentile by Number Answered

Percent of People with Each Score

Your Score History

You have not taken this quiz